| 000 | 00623nam a2200229 a 4500 | ||
|---|---|---|---|
| 005 | 20210219153450.0 | ||
| 008 | 991125n 000 0 u | ||
| 035 | _aUPN01000101559 | ||
| 100 | _aBottge, Brian A. | ||
| 222 | _aEDUCATIONAL LEADERSHIP | ||
| 245 | _aTaking work problems off the page | ||
| 300 | _a36-38 | ||
| 362 | _a50, No. 7, 1993 | ||
| 505 | _aAgosto 1993 | ||
| 653 | 0 | _aENSE\197ANZA MATEMATICA | |
| 653 | 0 | _aRESOLUCION DE PROBLEMAS | |
| 653 | 0 | _aVIDEODISCOS | |
| 653 | 0 | _aWORD PROBLEMS (MATHEMATICS)CONTEXT EFFECT | |
| 700 | _aHasselbring, Ted | ||
| 904 |
_aAC _b039370 |
||
| 905 | _aArticulo | ||
| 999 |
_c77632 _d77632 |
||